000 00459nam a2200169 4500
003 SEACOMEC
005 20240417114840.0
008 231006b |||||||| |||| 00| 0 eng d
040 _aSEACOMEC
082 _a005.112
_bR936
100 1 _aRumbaugh, James
245 1 _aObject-oriented modeling and design
_cJames Rumbaugh...(et al.)
260 _aDelhi
_bPearson
_c2004
650 _aComputer programming, programs, data
650 _aProgramming
942 _cBOOK
999 _c169
_d169